00189nam a2200085Ia 4500008004100000100001500041245003200056260000900088300000600097180219s9999 xx 000 0 und d aKhanna S K 0aAirport Planning And Design c2014 a0